000
00330nam a2200133Ia 4500
008
151001s9999||||xx |||||||||||||| ||und||
100
_a
ललित सुरजन
245
_a
समय कि साखी
250
_a
1
260
_b
सदानीरा
260
_c
2004
300
_a
168
365
_b
21
999
_c
990556
_d
990553